Public sector: accounting and auditing standards: financial statements and disclosure norms (Record no. 388147)

000 -LEADER
fixed length control field 00551cam a22001577a 4500
008 - FIXED-LENGTH DATA ELEMENTS--GENERAL INFORMATION
fixed length control field 180718b1998 xxu||||| |||| 00| 0 eng d
020 ## - INTERNATIONAL STANDARD BOOK NUMBER
International Standard Book Number 8174461221
082 ## - DEWEY DECIMAL CLASSIFICATION NUMBER
Classification number U6 T543p
100 ## - MAIN ENTRY--PERSONAL NAME
Personal name Tiwari, A.C.
245 ## - TITLE STATEMENT
Title Public sector: accounting and auditing standards: financial statements and disclosure norms
Statement of responsibility, etc. by A.C. Tiwari
260 ## - PUBLICATION, DISTRIBUTION, ETC.
Place of publication, distribution, etc. New Delhi
Name of publisher, distributor, etc. Institute of Management Technology
Date of publication, distribution, etc. 1998
300 ## - PHYSICAL DESCRIPTION
Extent 175p.
440 ## - SERIES STATEMENT/ADDED ENTRY--TITLE
Title IMT research series 01
650 ## - SUBJECT ADDED ENTRY--TOPICAL TERM
Topical term or geographic name entry element Public sector enterprises - auditing
650 ## - SUBJECT ADDED ENTRY--TOPICAL TERM
Topical term or geographic name entry element Public sector enterprises - Accounting
Holdings
Withdrawn status Lost status Damaged status Not for loan Permanent Location Current Location Date acquired Full call number Barcode Date last seen Price effective from Koha item type
        Indian Institute of Public Administration Indian Institute of Public Administration 1998-12-17 U6 T543p 73847 2018-07-21 2018-07-21 Book

Powered by Koha